| 000 | 00799nam a22002537a 4500 | ||
|---|---|---|---|
| 001 | 84699 | ||
| 003 | UA-OsUOA | ||
| 005 | 20240131095648.0 | ||
| 007 | ta | ||
| 008 | 20120607b un ||||| |||| 00| 0 ukr d | ||
| 040 |
_aUA-OsUOA _bukr _cUA-OsUOA _dUA-OsUOA |
||
| 041 | _aukr | ||
| 080 | _a821.161.2 | ||
| 090 |
_a821.161.2 _bК43 |
||
| 100 |
_aКиріяк І. _916 |
||
| 245 |
_aСини землі _bповість з українського життя в Канаді |
||
| 260 |
_aЕдмонтон _c1939 |
||
| 300 | _a352 с. | ||
| 505 | _gТ. 2 | ||
| 650 | 7 |
_a821 Художня література окремими мовами і мовними сім'ями _2UDC _917 |
|
| 942 |
_cBK _2udc |
||
| 955 | _a3 | ||
| 999 |
_c371018 _d371018 |
||